000 00730nam a2200229 i 4500
001 94219
003 ES-MaACL
005 20230906181429.0
007 t|
008 050720s1972 sp ||||1| spa d
080 _a930.9(088.3)
100 1 _aLewinsohn, Richard.
_972037
245 1 0 _aEscándalos que conmovieron al mundo /
_cMorus [seud.] ; [versión de Joaquín Adsuar Ortega].
260 _aBarcelona :
_bLuis de Caralt,
_c1972.
300 _a326 p., 8 lám. ;
_c22 cm.
490 1 _aCultura histórica
650 4 _aHistoria universal-
_vCuriosidades.
_913431
700 1 _aAdsuar Ortega, Joaquín.
_918492
830 0 _aCultura histórica
_9182395
852 _aES-MaACL
_jC-49750
_bR.84700
999 _c94219
_d94219